Sanat: "Juokse sinä humma" - Tapio Rautavaara - Statistics

Yleistilastot
  • Tätä visaa on pelattu 147 kertaa
  • Keskiarvotulos 111 / 156
Vastaustilastot
Vastaus % Oikein
humma
100%
Juokse
100%
sinä
100%
kun
99%
niin
99%
taivas
99%
on
98%
tumma
98%
tuo
98%
ja
95%
ei
76%
hei
76%
hummani
76%
huputiti
73%
se
72%
ole
68%
pitkänlainen
65%
tyttö
63%
hurjanlainen
61%
minun
61%
olen
61%
taival
61%
poika
60%
tullut
59%
eihän
56%
kyytiini
56%
ainoa
54%
aarre
51%
kellään
51%
sellaista
50%
hiljaa
48%
mun
46%
kahden
43%
tässä
43%
mennään
41%
leipäni
37%
pieni
37%
voi
37%
aisan
35%
alla
35%
kuinka
35%
maailmalla
35%
onkaan
35%
palasina
35%
pieninä
35%
seisahda
33%
tiuku
33%
harjaa
28%
heittää
28%
lauluni
24%
liinukka
24%
kuuluu
23%
ne
23%
poijjalla
22%
siellä
21%
maantien
20%
mutkassa
20%
tuuli
20%
kirsikkahuuli
18%
peittää
18%
tietäni
18%
tölli
18%
maantieltä
17%
metsässä
17%
varjot
16%
huokaa
15%
Ehtoja vastaavia visoja ei löytynyt
Tulosjakauma
Jokaisen tuloksen saaneiden osuus
Persentiili vastausten määrän mukaan
Tuloshistoriasi
Et ole pelannut tätä visaa